Регионална библиотека "Любен Каравелов" - Русе

Септемврийска литература (Запис номер 173093)

MARC детайли
000 -Лидер
Контролно поле с фиксирана дължина 01377nam a2200325 c 4500
003 - Код на организацията, давaща контролен номер
Контролно поле BLK
005 - Дата и час на последна редакция
Контролно поле 20230803005153.0
008 - Елементи от данни с фиксирана дължина
fixed length control field 180411b bul|||||r ||||||| ||bul||
010 ## - Наследен системен номер
LC control number KNG00181473000
040 ## - Източник на каталожния запис
Идентификатор на билиотеката - собственик на записа BLK
041 ## - Код за език
Код за езика на текст/звукозапис или на отделно заглавие Български
Код за езика КДБФ Български
080 ## - УДК
Текстов определител УДК Българска литература
УДК код - определител по УДК 821.163.2
УДК определител -8
УДК - код + определител 821.163.2-8
139 ## - Редно поле
Редна дума Септемврийска литература
Авторски знак Сен - С 33
245 10 - Сведения за заглавието
Заглавие Септемврийска литература
Редно поле (дума) предг. от Тончо Жечев.
250 ## - Област на изданието
Сведения за изданието 2. изд.
257 ## - Страна на издаване
Страна на създаване/издаване България
260 ## - Област на издателските данни
-- София
Име на издателя, разпространителя и проч. Бълг. писател
Година на издаване 1967
300 ## - Физическа характеристика
Страници 212 с.
Размери/Мащаб 21 см
380 ## - Жанр
Жанр Худож. лит.
500 ## - Общи забележки
Забележка 1. изд. 1966. - 20 100 тир. - Библиогр. с. 205-208. Сб. от худож. произведения за Септемврийското въстание 1923 г.
650 #4 - Допълнително описание по предмет – тема
Основно описание – тема или топоним Септемврийско въстание 1923 - в художествената литература
9 (RLIN) 274924
653 ## - Ключова дума – ненормативна
Ключова дума Септемврийско въстание 1923
700 ## - Други автори (авторска отговорност)
Лично име Жечев, Тончо
Друга информация Тонев, Тончо Жечев
Автороска отговорност (Описва отношението между автора и произведението) предг. от
9 (RLIN) 249780
852 ## - Местоположение
Форматна сигнатура Цб 42053
856 4# - Електронен адрес и достъп
Електронен формат pdf - файл
Път до файла /url/
856 4# - Електронен адрес и достъп
Електронен формат pdf - файл
Път до файла /url/
942 ## - АРТИКУЛИ
Вид на библиотечния материал Книги
Скрит в OPAC Не
944 ## - СЪЗДАВАНЕ И РЕДАКЦИЯ на ЗАПИСА
Създаване/Редакция Създаване
Дата на регистрацията/редакция 10.09.2015
Статус, дата на статуса CRON CRON
Служител, извършил регистрацията/редакцията
944 ## - СЪЗДАВАНЕ И РЕДАКЦИЯ на ЗАПИСА
Създаване/Редакция Редакция
Дата на регистрацията/редакция 10.09.2015
Статус, дата на статуса ф /
Служител, извършил регистрацията/редакцията Людмила_Стоянова
999 ## - СИСТЕМНИ КОНТРОЛНИ НОМЕРА
Koha biblionumber 173093
Koha biblioitemnumber 173093
Наличности
Код за отписване Код за изгубен артикул Източник на класификационната схема Код за повреда Коз за рестрикции Код за отдаване Артикулен № Име на библиотеката - собственик Име на библиотеката, в която се намира в момента Статус (Текущо местоположение) Дата на вписване в системата Местоположение - отдел Цена в лева Инвентарен номер Систематично азбучна сигнатура Баркод Номер на екземпляра Цена в евро Служебна бележка Служебен тип на артикула
  Не е изгубен Universal Decimal Classification Не е повреден само за читалня ползва се в читалня 295577 Регионална библиотека "Любен Каравелов" Русе Регионална библиотека "Любен Каравелов" Русе Хранилище 1967-01-01 Хранилище 0.45 11297/67 Цб 42053 900000100325 1 0.23 Дост: Dp Вид: Д N: стар фонд Дата: 01.01.1967 Книги
Изтеглен Не е изгубен Universal Decimal Classification Не е повреден без рестрикции заемане за дома 295578 Регионална библиотека "Любен Каравелов" Русе Регионална библиотека "Любен Каравелов" Русе Заемна - подръчен фонд 1967-01-01 Заемна - подръчен фонд 0.00 11917/67 П 886.7-8/С 33 11917/67 2 0.00 Дост: Pk Вид: Ф N: старфонд Дата: 01.01.1967 Книги
Изтеглен Не е изгубен Universal Decimal Classification Не е повреден без рестрикции заемане за дома 295579 Регионална библиотека "Любен Каравелов" Русе Регионална библиотека "Любен Каравелов" Русе Заемна - подръчен фонд 1967-01-01 Заемна - подръчен фонд 0.00 11918/67 П 886.7-8/С 33 11918/67 3 0.00 Дост: Pk Вид: Ф N: старфонд Дата: 01.01.1967 Книги
Изтеглен Не е изгубен Universal Decimal Classification Не е повреден без рестрикции заемане за дома 295580 Регионална библиотека "Любен Каравелов" Русе Регионална библиотека "Любен Каравелов" Русе Заемна - подръчен фонд 1967-01-01 Заемна - подръчен фонд 0.00 11920/67 П 886.7-8/С 33 11920/67 4 0.00 Дост: Pk Вид: Ф N: старфонд Дата: 01.01.1967 Книги
Vip Innovations Ltd, Rousse, Bulgaria 2025